[Event "AUTO-OPEN-167"]
[Site "http://www.queenalice.com/game.php?id=35622"]
[Date "2005.10.30"]
[Round "1"]
[White "cannja"]
[Black "ENDHER"]
[Result "0-1"]
[WhiteElo "1527"]
[BlackElo "1996"]

1. e4 e5 2. Nh3 d6 3. Qf3 Nf6 4. a4 Nc6 5. Ra3 Nd4 6. Qc3 Bxh3 7. gxh3 Nxe4 8.
Qd3 d5 9. c3 Nc5 10. Qg3 Nc2+ 11. Kd1 Nxa3 12. bxa3 Qf6 13. Bb5+ c6 14. Be2 Ne4
15. Qg4 Nxf2+ 16. Ke1 Nxg4 17. hxg4 Bc5 18. Rf1 Qh4+ 19. Kd1 Qxh2 20. d4 exd4
21. Bf4 Qh3 22. Rg1 dxc3 23. Nxc3 Bxg1 24. Bd2 O-O 25. g5 d4 26. Ne4 Qxa3 27.
Bf4 Qb3+ 28. Kc1 d3 29. Bd1 Qc4+ 30. Bc2 Qxc2# 0-1

[Event "AUTO-OPEN-167"]
[Site "http://www.queenalice.com/game.php?id=35623"]
[Date "2005.10.30"]
[Round "1"]
[White "ENDHER"]
[Black "cannja"]
[Result "1-0"]
[WhiteElo "1994"]
[BlackElo "1527"]

1. d4 f6 2. c4 c6 3. Nc3 d5 4. Bf4 e5 5. dxe5 fxe5 6. Bxe5 Qa5 7. Nf3 Bb4 8. Qd2
h6 9. Bxg7 Rh7 10. Qe3+ Ne7 11. Bd4 Na6 12. Qd3 Bd6 13. Qxh7 Nb4 14. e3 Nc2+ 15.
Qxc2 dxc4 16. Bxc4 Bf5 17. e4 Bg6 18. O-O O-O-O 19. Qd2 Rf8 20. Bg7 Rf7 21. Bxf7
Bxf7 22. Qxd6 Qc7 23. Qxh6 Ng6 24. Rad1 c5 25. Nb5 Qb6 26. Qh3+ Be6 27. Nxa7+
Qxa7 28. Qxe6+ Kc7 29. Rd7+ Kc8 30. Qe8# 1-0

[Event "Let's Play Chess!"]
[Site "http://www.queenalice.com/game.php?id=35734"]
[Date "2005.10.31"]
[Round "-"]
[White "cannja"]
[Black "claudiofer"]
[Result "0-1"]
[WhiteElo "1295"]
[BlackElo "1499"]

1. e4 e5 2. Qf3 Nh6 3. c3 f6 4. Bc4 c6 5. Qh5+ g6 6. Qd1 d5 7. Bb3 d4 8. cxd4
exd4 9. Qf3 f5 10. d3 Qb6 11. exf5 Nxf5 12. g4 Nh4 13. Qf6 Qb4+ 14. Bd2 Qe7+ 15.
Qxe7+ Bxe7 16. Na3 Bxg4 17. f3 Bf5 18. Nc4 Nd7 19. O-O-O Bxd3 20. Na5 b6 21.
Nxc6 Rc8 22. Ba4 a6 23. Bb4 Bxb4 24. Rxd3 b5 25. Bb3 Ne5 26. Bd5 Nxd3+ 27. Kc2
Nf2 28. a3 Nxh1 29. axb4 Nf2 30. Kb3 d3 31. Kc3 Rf8 32. Kd2 Rf5 33. Na7 Rc2+ 34.
Ke3 d2 35. Bc6+ Kd8 36. Be4 d1=Q 37. Bxc2 Qxc2 38. Nc6+ Qxc6 39. Kxf2 Nxf3 40.
Nxf3 Qxf3+ 41. Ke1 Qg2 42. b3 Rf1# 0-1

[Event "AUTO-INT-52"]
[Site "http://www.queenalice.com/game.php?id=35891"]
[Date "2005.11.1"]
[Round "1"]
[White "Eagle"]
[Black "cannja"]
[Result "1-0"]
[WhiteElo "1359"]
[BlackElo "1207"]

1. d4 g6 2. e4 d5 3. exd5 Qxd5 4. Nc3 Qe6+ 5. Qe2 Bh6 6. Bxh6 Nxh6 7. O-O-O b6
8. Qxe6 Bxe6 9. Nf3 Nc6 10. d5 Bxd5 11. Nxd5 Rc8 12. Re1 e6 13. Nf6+ Ke7 14. Ne4
f5 15. Nc3 e5 16. Nxe5 Nxe5 17. Rxe5+ Kf6 18. Re3 f4 19. Nd5+ Kg5 20. Re5+ 1-0

[Event "AUTO-INT-52"]
[Site "http://www.queenalice.com/game.php?id=35892"]
[Date "2005.11.1"]
[Round "1"]
[White "cannja"]
[Black "Eagle"]
[Result "0-1"]
[WhiteElo "1197"]
[BlackElo "1369"]

1. g3 d5 2. a4 e5 3. Ra3 Bxa3 4. Nxa3 Nf6 5. e3 a6 6. d4 exd4 7. Qxd4 O-O 8. Nf3
Nc6 9. Qc5 b6 10. Qxc6 Bd7 11. Qb7 Bxa4 12. Ne5 Bxc2 13. Nxc2 Qd6 14. f4 Rfb8
15. Qc6 Qxc6 16. Nxc6 Re8 17. b4 Re6 18. N2d4 Rd6 0-1

[Event "AUTO-INT-52"]
[Site "http://www.queenalice.com/game.php?id=35904"]
[Date "2005.11.1"]
[Round "1"]
[White "cannja"]
[Black "KyoteeSun"]
[Result "0-1"]
[WhiteElo "1272"]
[BlackElo "1330"]

1. e4 e5 2. a4 Qf6 3. g4 Bc5 4. Nh3 d6 5. g5 Qe6 6. f4 h6 7. gxh6 Rxh6 8. Ng5
Qf6 9. Nc3 Qxf4 10. d4 exd4 11. Bxf4 Rh4 12. Bg3 Rh6 13. Nd5 Kd8 14. Bc4 Nf6 15.
Nxf7+ Ke8 16. Nxf6+ Rxf6 17. Nh8 Bb4+ 18. Ke2 Bg4+ 19. Kd3 Bxd1 20. Raxd1 Nc6
21. Rdf1 Rh6 22. Bf7+ Ke7 23. c3 Bc5 24. Ng6+ Kd7 25. cxd4 Nxd4 26. e5 dxe5 27.
Nxe5+ Kd6 28. Rc1 Bb6 29. a5 Bc5 30. Nc4+ Ke7 31. Rhf1 Rd8 32. Rce1+ Kd7 33.
Be6+ Nxe6 34. Ne5+ Ke7+ 35. Kc4 Rd4+ 36. Kc3 Rh3 37. Ng6+ Kd7 38. b4 Rxb4 39.
Ne5+ Kd6 40. Rd1+ Bd4+ 0-1

[Event "AUTO-INT-52"]
[Site "http://www.queenalice.com/game.php?id=35911"]
[Date "2005.11.1"]
[Round "1"]
[White "cannja"]
[Black "dlabedz"]
[Result "1-0"]
[WhiteElo "1242"]
[BlackElo "1228"]

1. b3 f6 2. e3 c5 3. Bc4 e6 4. h4 d5 5. Qh5+ g6 6. Qe2 dxc4 7. Qxc4 Ne7 8. Qxc5
Nec6 9. Qb5 a6 10. Qc4 Nd7 11. Ba3 Na5 12. Qxe6+ Qe7 13. Bxe7 Bxe7 14. Qe4 O-O
15. Qxe7 Nc6 16. Qe6+ Rf7 17. h5 Nde5 18. Qd5 Be6 19. Qxe6 Rd8 20. hxg6 hxg6 21.
Qh3 Kf8 22. Qh6+ Ke7 23. d4 Ng4 24. Qxg6 Nge5 25. dxe5 Nxe5 26. Qg3 Rdf8 27. f4
Nd7 28. Ne2 f5 29. Nd4 Nc5 30. Qg5+ Kd6 31. Rh6+ Rf6 32. Rxf6+ 1-0

[Event "AUTO-INT-52"]
[Site "http://www.queenalice.com/game.php?id=35912"]
[Date "2005.11.1"]
[Round "1"]
[White "dlabedz"]
[Black "cannja"]
[Result "1-0"]
[WhiteElo "1180"]
[BlackElo "1174"]

1. c4 e6 2. Nc3 b6 3. Nf3 h5 4. h4 Nh6 5. e3 Ba6 6. Bd3 Nc6 7. Nd4 Qf6 8. f3 Nb4
9. Be4 e5 10. Nb3 Bxc4 11. Bxa8 Nd3+ 12. Kf1 Nxc1+ 13. Kg1 Nxb3 14. axb3 Bd3 15.
Rc1 Bc5 16. Nd5 Qd6 17. Rc3 Qxd5 18. Kh2 Be7 19. Re1 Bxh4 20. Bxd5 Bxe1 21. Qxe1
g5 22. Rxd3 g4 23. f4 c6 24. Bc4 b5 25. Bxb5 cxb5 26. Qc1 Nf5 27. Rc3 exf4 28.
Rc8+ Ke7 29. Rxh8 Kf6 30. Qc3+ Ke6 31. d4 Nxe3 32. Rh6+ Kf5 33. Rxh5+ 1-0

[Event "AUTO-ADV-98"]
[Site "http://www.queenalice.com/game.php?id=35920"]
[Date "2005.11.1"]
[Round "1"]
[White "tewald"]
[Black "cannja"]
[Result "1-0"]
[WhiteElo "1622"]
[BlackElo "1311"]

1. d4 b6 2. e4 d6 3. c4 Nh6 4. Bxh6 gxh6 5. Nc3 e5 6. d5 c6 7. Nf3 h5 8. Qd2
cxd5 9. cxd5 Qf6 10. Qg5 Qg6 11. Nb5 Kd7 12. Qxg6 hxg6 13. Rc1 Na6 14. Be2 Nb4
15. a3 Na2 16. Rc7+ Kd8 17. Rxf7 a6 18. Ra7 axb5 19. Rxa8 b4 20. Ba6 Bg7 21.
Rxc8+ Kd7 22. Rxh8 Bxh8 23. O-O bxa3 24. bxa3 Nc3 25. Rc1 Nxe4 26. Rc6 g5 27.
Bb5 Nc3 28. Rxc3+ Kd8 29. Nxg5 e4 30. Nf7+ Ke7 31. Nxh8 Kf8 32. Ng6+ Kf7 33. Nf4
h4 34. Rc6 Kf6 35. Rxb6 Ke5 36. g3 hxg3 37. hxg3 e3 38. fxe3 Ke4 39. a4 Kxe3 40.
Kg2 Kd4 41. a5 Kc5 42. Rb8 Kb4 43. a6 Ka5 44. a7 Kb4 45. a8=Q Kc5 46. Qc6+ Kb4
47. Be2+ Ka5 48. Qa8# 1-0

[Event "AUTO-ADV-98"]
[Site "http://www.queenalice.com/game.php?id=35921"]
[Date "2005.11.1"]
[Round "1"]
[White "cannja"]
[Black "tewald"]
[Result "0-1"]
[WhiteElo "1427"]
[BlackElo "1626"]

1. e3 Nf6 2. b3 g6 3. Bb2 Bg7 4. h4 O-O 5. h5 Nxh5 6. Rxh5 gxh5 7. Bd3 d6 8.
Qxh5 h6 9. Bxg7 Kxg7 10. Nf3 e5 11. Nh4 Qg5 12. Be2 Qxh5 13. Bxh5 Nc6 14. Nc3
Be6 15. g4 d5 16. Nb5 Nb4 17. Na3 f5 18. gxf5 Bxf5 19. Nxf5+ Rxf5 20. Nb5 Rxh5
21. Ke2 c6 22. Nc7 Rc8 23. Ne6+ Kf7 24. Nc5 b6 25. Nd7 Ke6 26. Nxe5 Kxe5 27. f4+
Kf5 28. c3 Rh2+ 29. Kf3 Nd3 30. b4 Rg8 31. a4 Rhg2 32. Rf1 R8g3# 0-1

[Event "AUTO-ADV-98"]
[Site "http://www.queenalice.com/game.php?id=35940"]
[Date "2005.11.1"]
[Round "1"]
[White "cannja"]
[Black "jagvg"]
[Result "0-1"]
[WhiteElo "1203"]
[BlackElo "1717"]

1. e3 Nf6 2. h4 d5 3. Rh3 Bxh3 4. Nxh3 Nbd7 5. Bb5 c6 6. Bd3 e6 7. Ng5 Bd6 8. a4
Ne5 9. Ra3 Bxa3 10. Nxa3 Nxd3+ 11. cxd3 O-O 12. e4 h6 13. e5 hxg5 14. exf6 Qxf6
15. hxg5 Qxg5 0-1

[Event "AUTO-ADV-98"]
[Site "http://www.queenalice.com/game.php?id=35941"]
[Date "2005.11.1"]
[Round "1"]
[White "jagvg"]
[Black "cannja"]
[Result "1-0"]
[WhiteElo "1715"]
[BlackElo "1203"]

1. c4 e6 2. Nf3 c6 3. d4 Bb4+ 4. Bd2 Bxd2+ 5. Nbxd2 Qa5 6. e3 d5 7. Bd3 h5 8.
O-O Rh6 9. Nb3 Qb4 10. cxd5 cxd5 11. Rc1 Nf6 12. Rxc8+ Kd7 13. Qc1 Qb6 14. Ne5+
Kd6 15. Nxf7+ 1-0

[Event "AUTO-OPEN-168"]
[Site "http://www.queenalice.com/game.php?id=35998"]
[Date "2005.11.1"]
[Round "1"]
[White "cannja"]
[Black "xtreme"]
[Result "0-1"]
[WhiteElo "1184"]
[BlackElo "1069"]

1. b3 e5 2. e4 Nf6 3. h4 Bc5 4. Rh3 Nxe4 5. Rf3 Qxh4 6. g3 Qh5 7. Bh3 Nxg3 8.
fxg3 Bxg1 9. Rf5 Qxh3 10. Qf3 O-O 0-1

[Event "AUTO-OPEN-168"]
[Site "http://www.queenalice.com/game.php?id=36018"]
[Date "2005.11.1"]
[Round "1"]
[White "cannja"]
[Black "jfox"]
[Result "0-1"]
[WhiteElo "1221"]
[BlackElo "1539"]

1. b3 b6 2. e4 Bb7 3. Qf3 e5 4. Bc4 Qf6 5. d3 Bc5 6. Nc3 Bd4 7. Bb2 Nc6 8. Nd5
Qxf3 9. Nxf3 O-O-O 10. c3 Bc5 0-1

[Event "AUTO-OPEN-168"]
[Site "http://www.queenalice.com/game.php?id=36027"]
[Date "2005.11.1"]
[Round "1"]
[White "Homer"]
[Black "cannja"]
[Result "1-0"]
[WhiteElo "1778"]
[BlackElo "1215"]

1. d4 b6 2. e4 e6 3. Nf3 h5 4. Nc3 Rh6 5. Bxh6 Nxh6 6. Bc4 c6 7. O-O Na6 8. Ne5
b5 9. Bb3 f6 10. Qxh5+ Ke7 11. Nd3 b4 12. Ne2 d5 13. exd5 cxd5 14. Rfe1 g6 15.
Qxg6 e5 16. dxe5 fxe5 17. Nxe5 Nc5 18. Qf7+ Kd6 19. Qxd5+ Kc7 20. Qxa8 Qd6 21.
Qxa7+ Bb7 22. Nc4 Qa6 23. Qxa6 Bxa6 24. Rad1 1-0

[Event "AUTO-OPEN-168"]
[Site "http://www.queenalice.com/game.php?id=36028"]
[Date "2005.11.1"]
[Round "1"]
[White "cannja"]
[Black "Homer"]
[Result "0-1"]
[WhiteElo "1215"]
[BlackElo "1776"]

1. e3 e5 2. h4 d5 3. Rh3 Bxh3 4. gxh3 Qxh4 5. Nf3 Qf6 6. Nh2 Bd6 7. Ng4 Qe7 8.
a4 a5 9. Ra3 Bxa3 10. Nxa3 Nf6 11. c4 d4 12. Nb5 Nxg4 13. b3 Nh6 14. Ba3 c5 15.
exd4 exd4+ 16. Qe2 Qxe2+ 17. Bxe2 Kd7 18. Bxc5 Nc6 19. Nd6 Rab8 20. f4 b6 21.
Ba3 Ke6 22. f5+ Nxf5 23. Bf3 Nxd6 24. Bxc6 Nf5 25. Bd5+ Kf6 26. b4 Rhe8+ 0-1